000 00498cab a2200193 4500
001 X1776
008 090401t1994 xxu||||| |||| 00| 0 eng d
035 _a(Sirsi) u19192
041 _aeng
100 _aLucco, F.J.
245 _aEffective time management
260 _c1994
350 _a0
490 _aAppraisal Journal
_v62(4) October 1994, 580-586(7)
650 _aTIME MANAGEMENT
690 _aMANAGEMENT-BUSINESS MANAGEMENT-PROFESSIONAL PRACTICE
942 _n0
948 _c04/03/1997
999 _c12785
_d12785